| 000 | 01819nam a2200445 i 4500 | ||
|---|---|---|---|
| 001 | 108854 | ||
| 003 | FlNmELB | ||
| 005 | 20241217173909.0 | ||
| 006 | m o d | | ||
| 007 | cr cnu|||||||| | ||
| 008 | 160516s2014 sp o 001 0 spa d | ||
| 020 | _z9788468155371 | ||
| 020 | _a9788468162188 (e-book) | ||
| 035 | _a(MiAaPQ)EBC4421951 | ||
| 035 | _a(Au-PeEL)EBL4421951 | ||
| 035 | _a(CaPaEBR)ebr11162086 | ||
| 035 | _a(OCoLC)984805378 | ||
| 040 |
_aFINmELB _bspa _erda _cFINmELB |
||
| 050 | 4 |
_aHF5438.4 _bC112 2014 |
|
| 080 | _a658.81 | ||
| 082 | 0 |
_a658.81 _223 |
|
| 100 | 1 | _aCaballero Sánchez de Puerta, Pilar. | |
| 245 | 1 | 0 |
_aCuaderno del alumno : _bgestión económico-financiera básica de la actividad de ventas e intermediación comercial (UF1724) / _cPilar Caballero Sánchez de Puerta. |
| 264 | 1 |
_aMadrid : _bEditorial CEP, S.L., _c[2014] |
|
| 300 | _a1 recurso en línea (78 páginas) | ||
| 336 |
_atexto _btxt _2rdacontent/spa |
||
| 337 |
_acomputadora _bc _2rdamedia/spa |
||
| 338 |
_arecurso en línea _bcr _2rdacarrier/spa |
||
| 500 | _aContiene índice. | ||
| 500 | _aCertificado de profesionalidad de la familia profesional Comercio y Marketing. "Programa docente conforme Real Decreto 1692/2011" - Cubierta. | ||
| 588 | _aDescripción basada en recurso en línea; Título de la página del título en PDF (e-libro, visto May 16, 2016). | ||
| 590 | _aRecurso electronico. Santa Fe, Arg. : e-libro, 2016. Disponible via World Wide Web. El acceso puede ser limitado para las bibliotecas afiliadas a e-libro. | ||
| 650 | 0 | _aSales management. | |
| 650 | 4 | _aGestión de ventas. | |
| 650 | 0 | _aMarketing. | |
| 650 | 4 | _aMercadotecnia. | |
| 655 | 4 | _aLibros electrónicos. | |
| 797 | 2 | _ae-libro, Corp. | |
| 856 | 4 | 0 | _uhttps://elibro.net/ereader/politecnicointernacional/50872 |
| 999 |
_c108854 _d108854 |
||